[Event "RA Fall op"]
[Site "Ottawa CAN"]
[Date "2021.09.26"]
[Round "4"]
[White "Han, Johnathan"]
[Black "Jaferian, Koosha"]
[Result "0-1"]
[WhiteElo "2216"]
[BlackElo "2507"]
[PlyCount "74"]
[EventDate "2021.09.24"]
[EventType "swiss"]
[EventRounds "5"]
[EventCountry "CAN"]

1. e4 c6 2. d4 d5 3. Nd2 dxe4 4. Nxe4 Bf5 5. Ng3 Bg6 6. h4 h6 7. Nf3 Nd7 8. h5
Bh7 9. Bd3 Bxd3 10. Qxd3 e6 11. Bd2 Ngf6 12. O-O-O Be7 13. Kb1 O-O 14. Ne4 c5
15. Be3 Qc7 16. Nxf6+ Bxf6 17. g4 cxd4 18. Bxd4 Qf4 19. Qe3 Qxg4 20. Rdg1 Qf5
21. Qxh6 e5 22. Nh4 Qe4 23. f3 Qh7 24. Qxh7+ Kxh7 25. Bf2 Bxh4 26. Bxh4 f5 27.
Rg5 Rae8 28. Rd1 Rf7 29. Rd6 Nf8 30. Kc1 Ne6 31. Rg1 Nd4 32. Rf1 Ne2+ 33. Kd2
Nf4 34. Re1 Nxh5 35. Rd5 Nf4 36. Rd4 Ng2 37. Re2 exd4 0-1

[Event "RA Fall op"]
[Site "Ottawa CAN"]
[Date "2021.09.26"]
[Round "4"]
[White "Rodrigue-Lemieux, Shawn"]
[Black "Sambuev, Bator"]
[Result "1-0"]
[WhiteElo "2378"]
[BlackElo "2589"]
[PlyCount "103"]
[EventDate "2021.09.24"]
[EventType "swiss"]
[EventRounds "5"]
[EventCountry "CAN"]

1. c4 e5 2. g3 Nc6 3. Nc3 g6 4. Bg2 Bg7 5. e4 d6 6. Nge2 f5 7. d3 Nf6 8. O-O
O-O 9. Nd5 h6 10. exf5 Bxf5 11. Ne3 Be6 12. d4 Nxd4 13. Nxd4 exd4 14. Qxd4 c6
15. Bd2 d5 16. cxd5 Nxd5 17. Qc5 Nf4 18. Ba5 Qd4 19. Qxd4 Ne2+ 20. Kh1 Nxd4 21.
Bc3 Rad8 22. Rad1 Rf7 23. a3 Rfd7 24. Be4 Bb3 25. Rd3 Bf7 26. Rfd1 c5 27. h4 b6
28. b4 Bb3 29. Rb1 c4 30. Rd2 Rd6 31. Re1 b5 32. Bd5+ Kh7 33. Rxd4 Bxd4 34.
Bxd4 Rxd5 35. Nxd5 Rxd5 36. Bc3 g5 37. Re7+ Kg6 38. g4 h5 39. Rg7+ Kh6 40. f4
hxg4 41. fxg5+ Kh5 42. Rh7+ Kg6 43. Rh6+ Kf5 44. Rf6+ Ke4 45. g6 Bd1 46. g7
Bf3+ 47. Rxf3 Kxf3 48. g8=Q Rd3 49. Qf7+ Ke2 50. Qe6+ Kf2 51. Qe1+ Kf3 52. h5
1-0

[Event "RA Fall op"]
[Site "Ottawa CAN"]
[Date "2021.09.26"]
[Round "4"]
[White "Song, Michael"]
[Black "Dukic, Zachary"]
[Result "1-0"]
[WhiteElo "2510"]
[BlackElo "2365"]
[PlyCount "49"]
[EventDate "2021.09.24"]
[EventType "swiss"]
[EventRounds "5"]
[EventCountry "CAN"]

1. e4 e5 2. f4 d5 3. exd5 exf4 4. Nf3 Nf6 5. Bb5+ c6 6. dxc6 Nxc6 7. d4 Bd6 8.
O-O O-O 9. c3 Bg4 10. Nbd2 Re8 11. Bd3 Rc8 12. Re1 Qd7 13. Ne4 Nxe4 14. Rxe4
Rxe4 15. Bxe4 Ne7 16. Bd2 g5 17. h3 Bh5 18. Ne5 Bxe5 19. Qxh5 Bxd4+ 20. Kh1 Bg7
21. Bxh7+ Kf8 22. Rd1 Nf5 23. Bxf4 gxf4 24. Bxf5 Qb5 25. Rd7 1-0

[Event "RA Fall op"]
[Site "Ottawa CAN"]
[Date "2021.09.26"]
[Round "4"]
[White "Tanaka, Tyler"]
[Black "Joseph Benher, Savio"]
[Result "1-0"]
[WhiteElo "2227"]
[BlackElo "2001"]
[PlyCount "105"]
[EventDate "2021.09.24"]
[EventType "swiss"]
[EventRounds "5"]
[EventCountry "CAN"]

1. c4 Nf6 2. Nc3 e6 3. e4 d5 4. e5 d4 5. exf6 dxc3 6. bxc3 Qxf6 7. Nf3 c5 8. d4
h6 9. Be2 Bd6 10. O-O O-O 11. Be3 Nc6 12. dxc5 Bf4 13. Bxf4 Qxf4 14. Rb1 Rd8
15. Qc1 Qc7 16. Qe3 e5 17. Rfd1 Bf5 18. Bd3 e4 19. Bxe4 Re8 20. Nd2 Bxe4 21.
Nxe4 Rac8 22. Qf3 Ne5 23. Qg3 Re6 24. Nd6 Rf8 25. Re1 Qxc5 26. Nf5 Ng6 27. Rxe6
fxe6 28. Qxg6 exf5 29. Rxb7 Qe5 30. Rb1 f4 31. Qd3 Kh8 32. Qd4 Qe2 33. h3 f3
34. Qd6 Rf6 35. Qd8+ Kh7 36. Rd1 fxg2 37. Qd3+ Qxd3 38. Rxd3 Rf4 39. Kxg2 Rxc4
40. Kf3 Rh4 41. Ke2 Ra4 42. Rd2 Rh4 43. Rc2 Rxh3 44. c4 Rh5 45. c5 Re5+ 46. Kd3
Re8 47. Kd4 Kg6 48. c6 h5 49. c7 Rc8 50. Ke5 h4 51. Kd6 h3 52. Rc3 Rh8 53. c8=Q
1-0

[Event "RA Fall op"]
[Site "Ottawa CAN"]
[Date "2021.09.26"]
[Round "4"]
[White "Xu, Eddie"]
[Black "Adam, Rafael"]
[Result "0-1"]
[WhiteElo "2209"]
[BlackElo "1846"]
[PlyCount "87"]
[EventDate "2021.09.24"]
[EventType "swiss"]
[EventRounds "5"]
[EventCountry "CAN"]

1. d4 Nf6 2. c4 e6 3. Nc3 Bb4 4. f3 d5 5. a3 Bxc3+ 6. bxc3 b6 7. cxd5 exd5 8.
e3 O-O 9. Bd3 Re8 10. Ne2 c5 11. O-O Nc6 12. Ng3 cxd4 13. cxd4 Bb7 14. Ra2 Qd7
15. Re2 Rad8 16. Bb2 Qc7 17. Qd2 Na5 18. e4 Nc4 19. Qc1 Rc8 20. Ba1 b5 21. Qg5
h6 22. Qh4 Nh7 23. e5 Qe7 24. Qg4 Rc7 25. Nf5 Qg5 26. Qh3 Bc8 27. f4 Bxf5 28.
Bxf5 Qe7 29. e6 Nf8 30. Bc3 Nxe6 31. Bxe6 fxe6 32. Rfe1 Qf7 33. f5 a5 34. fxe6
Qg6 35. Qf3 Rce7 36. Qxd5 Nxa3 37. Qb3 b4 38. Bb2 a4 39. Qxb4 Nc2 40. Rxc2 Qxc2
41. d5 Rf8 42. Qd4 Rb7 43. Bc1 Rb1 44. Qe3 0-1

[Event "RA Fall op"]
[Site "Ottawa CAN"]
[Date "2021.09.26"]
[Round "5"]
[White "Dukic, Zachary"]
[Black "Adam, Rafael"]
[Result "1-0"]
[WhiteElo "2365"]
[BlackElo "1846"]
[PlyCount "71"]
[EventDate "2021.09.24"]
[EventType "swiss"]
[EventRounds "5"]
[EventCountry "CAN"]

1. e4 e5 2. Nf3 Nc6 3. d4 exd4 4. Nxd4 Bc5 5. Nb3 Bb6 6. Nc3 Nge7 7. Bg5 h6 8.
Bh4 Ne5 9. Qd2 N5g6 10. Bg3 d6 11. O-O-O O-O 12. h4 Nc6 13. h5 Nge5 14. Be2 Be6
15. Nd5 Bxd5 16. exd5 Ne7 17. Bh4 Re8 18. f4 Nd7 19. Kb1 Nf6 20. Bxf6 gxf6 21.
Bg4 Kg7 22. Rh3 f5 23. Qc3+ Kh7 24. Be2 Nxd5 25. Rxd5 Rxe2 26. Rg3 Qf8 27. Rxf5
Re6 28. a3 Rae8 29. Nd4 Bxd4 30. Qxd4 b6 31. Qd3 Kh8 32. Qc3+ Kh7 33. Qxc7 R8e7
34. Qc3 Qh8 35. Qd3 Re4 36. Rxf7+ 1-0

[Event "RA Fall op"]
[Site "Ottawa CAN"]
[Date "2021.09.26"]
[Round "5"]
[White "Jaferian, Koosha"]
[Black "Tanaka, Tyler"]
[Result "1/2-1/2"]
[WhiteElo "2507"]
[BlackElo "2227"]
[PlyCount "29"]
[EventDate "2021.09.24"]
[EventType "swiss"]
[EventRounds "5"]
[EventCountry "CAN"]

1. Nf3 d5 2. b3 Nf6 3. Bb2 g6 4. c4 c6 5. g3 Bg7 6. Bg2 O-O 7. O-O Nbd7 8. d4
dxc4 9. bxc4 Nb6 10. Qb3 Be6 11. Nbd2 Nxc4 12. Nxc4 b5 13. Nfe5 bxc4 14. Qc2
Rc8 15. Rfd1 1/2-1/2

[Event "RA Fall op"]
[Site "Ottawa CAN"]
[Date "2021.09.26"]
[Round "5"]
[White "Rodrigue-Lemieux, Shawn"]
[Black "Song, Michael"]
[Result "1/2-1/2"]
[WhiteElo "2378"]
[BlackElo "2510"]
[PlyCount "56"]
[EventDate "2021.09.24"]
[EventType "swiss"]
[EventRounds "5"]
[EventCountry "CAN"]

1. c4 d6 2. g3 h5 3. h3 Nf6 4. Bg2 e5 5. Nc3 c6 6. d4 Qa5 7. e4 Be7 8. Nge2
Nbd7 9. O-O a6 10. a4 c5 11. dxc5 Qxc5 12. b3 Qc7 13. Be3 a5 14. Ra2 Nc5 15.
Rd2 Bd7 16. Qc2 Rd8 17. f4 Qc8 18. f5 Bc6 19. Rfd1 O-O 20. Bf3 h4 21. gxh4 Kh7
22. Bg5 Rh8 23. Ng3 Kg8 24. Rg2 Kf8 25. Rdd2 Qc7 26. Kf1 Nh7 27. Nh5 Nf6 28.
Ng3 Nh7 1/2-1/2

[Event "RA Fall op"]
[Site "Ottawa CAN"]
[Date "2021.09.26"]
[Round "5"]
[White "Sambuev, Bator"]
[Black "Han, Johnathan"]
[Result "1/2-1/2"]
[WhiteElo "2589"]
[BlackElo "2216"]
[PlyCount "103"]
[EventDate "2021.09.24"]
[EventType "swiss"]
[EventRounds "5"]
[EventCountry "CAN"]

1. Nf3 Nf6 2. c4 c5 3. Nc3 e6 4. g3 b6 5. Bg2 Bb7 6. O-O Be7 7. Re1 O-O 8. e4
d6 9. d4 cxd4 10. Nxd4 Qc8 11. Be3 Nc6 12. f4 Re8 13. Rc1 Nxd4 14. Bxd4 Nd7 15.
Bf2 a6 16. h4 Qb8 17. g4 e5 18. f5 Bd8 19. a4 f6 20. Be3 Kh8 21. g5 Nf8 22. Qd2
b5 23. axb5 Ba5 24. Rb1 Bxc3 25. bxc3 Qc7 26. Rb4 axb5 27. cxb5 Ra3 28. c4 Nd7
29. b6 Qb8 30. Rd1 Nc5 31. Bxc5 dxc5 32. Rb2 Rg3 33. Kh2 Rg4 34. Kh3 Rf4 35.
gxf6 gxf6 36. Qd6 Rf8 37. Qe7 Qa8 38. Rb3 Bxe4 39. Rg3 Bxg2+ 40. Rxg2 Qf3+ 41.
Rg3 Rxh4+ 42. Kxh4 Qf4+ 43. Kh3 Qxf5+ 44. Kg2 Qc2+ 45. Kh3 Qf5+ 46. Rg4 Qf3+
47. Kh2 Qe2+ 48. Kg3 Qe3+ 49. Kh2 Qe2+ 50. Kh3 Qf3+ 51. Kh4 Qf2+ 52. Rg3
1/2-1/2

[Event "RA Fall op"]
[Site "Ottawa CAN"]
[Date "2021.09.26"]
[Round "5"]
[White "Shi, Michael"]
[Black "Joseph Benher, Savio"]
[Result "0-1"]
[WhiteElo "1893"]
[BlackElo "2001"]
[PlyCount "96"]
[EventDate "2021.09.24"]
[EventType "swiss"]
[EventRounds "5"]
[EventCountry "CAN"]

1. e4 e6 2. d4 d5 3. exd5 exd5 4. Bd3 Bd6 5. Nf3 Nc6 6. c3 Bg4 7. O-O Nge7 8.
h3 Bh5 9. Be3 Qd7 10. Be2 O-O-O 11. b4 Rde8 12. Ne5 Bxe2 13. Qxe2 Nxe5 14. dxe5
Bxe5 15. Bxa7 Nc6 16. Be3 d4 17. b5 dxe3 18. bxc6 Qxc6 19. fxe3 Bf6 20. a4 Qc5
21. Kh1 Qxe3 22. Qg4+ Qe6 23. Qf3 Kb8 24. Na3 Qe4 25. Nb5 Qxf3 26. Rxf3 Re2 27.
Rd3 Rhe8 28. Rad1 c6 29. Nd6 Re1+ 30. Rxe1 Rxe1+ 31. Kh2 Be5+ 32. g3 Bxd6 33.
Rxd6 Re2+ 34. Kg1 Re3 35. Kf2 Rxc3 36. Rd7 b5 37. axb5 cxb5 38. Rxf7 Rc7 39.
Rf3 Kb7 40. Rb3 Kb6 41. Ke3 Ka5 42. Kd4 Ka4 43. Rb1 b4 44. Ra1+ Kb3 45. Rb1+
Ka3 46. Ra1+ Kb2 47. Ra6 b3 48. Rb6 Kc2 0-1

[Event "RA Fall op U1900"]
[Site "Ottawa CAN"]
[Date "2021.09.25"]
[Round "2"]
[White "Batorshyn, Ilia"]
[Black "Laurin, Marcel"]
[Result "1-0"]
[WhiteElo "1105"]
[BlackElo "1731"]
[PlyCount "59"]
[EventDate "2021.09.24"]
[EventType "swiss"]
[EventRounds "5"]
[EventCountry "CAN"]

1. d4 b6 2. c4 Bb7 3. Nc3 e6 4. Nf3 Ne7 5. e4 d6 6. Be3 Nd7 7. Qd2 h6 8. Rg1 g5
9. g4 Ng6 10. O-O-O a6 11. Be2 c6 12. d5 cxd5 13. exd5 e5 14. Ne4 Rc8 15. Kb1
Nc5 16. Ng3 Rh7 17. Nf5 f6 18. h4 e4 19. N3d4 Ne5 20. Ne6 Qd7 21. Bxc5 bxc5 22.
Qc2 Rf7 23. Qxe4 Qxe6 24. f4 gxf4 25. g5 fxg5 26. Bh5 Qxf5 27. Qxf5 Bg7 28.
Bxf7+ Nxf7 29. Rde1+ Ne5 30. Qg6+ 1-0

[Event "RA Fall op U1900"]
[Site "Ottawa CAN"]
[Date "2021.09.25"]
[Round "3"]
[White "Laurin, Marcel"]
[Black "Dunikov, Glib"]
[Result "0-1"]
[WhiteElo "1731"]
[BlackElo "1502"]
[PlyCount "42"]
[EventDate "2021.09.24"]
[EventType "swiss"]
[EventRounds "5"]
[EventCountry "CAN"]

1. d4 f5 2. c4 Nf6 3. Nf3 g6 4. Nc3 Bg7 5. Bf4 O-O 6. Qc2 d6 7. d5 e5 8. dxe6
Bxe6 9. e3 Nh5 10. Bg3 Nc6 11. a3 f4 12. exf4 Nxf4 13. Bxf4 Rxf4 14. Nd5 Bf5
15. Bd3 Qe8+ 16. Kf1 Rxf3 17. gxf3 Bh3+ 18. Kg1 Qd8 19. Qd2 Nd4 20. Be4 Qg5+
21. Qxg5 Ne2# 0-1

[Event "RA National Capital op"]
[Site "Ottawa CAN"]
[Date "2021.11.05"]
[Round "1"]
[White "Donev, Danail"]
[Black "Rodrigue-Lemieux, Shawn"]
[Result "0-1"]
[WhiteElo "1994"]
[BlackElo "2395"]
[PlyCount "60"]
[EventDate "2021.11.05"]
[EventType "swiss"]
[EventRounds "5"]
[EventCountry "CAN"]

1. e4 c6 2. d4 d5 3. exd5 cxd5 4. c4 Nf6 5. Nc3 Nc6 6. Bg5 dxc4 7. d5 Ne5 8.
Qd4 h6 9. Bd2 Nd3+ 10. Bxd3 cxd3 11. Nf3 g6 12. O-O Bg7 13. Qxd3 O-O 14. Be3
Bf5 15. Qd2 Kh7 16. Nh4 Ne4 17. Nxe4 Bxe4 18. Rad1 e6 19. Qb4 Bxd5 20. Nf3 Qf6
21. Nd4 Rac8 22. b3 a6 23. Rc1 Rfd8 24. Ne2 Qb2 25. Rxc8 Rxc8 26. Ng3 Qxa2 27.
Qe7 Kg8 28. Qd7 Ra8 29. Rc1 Qxb3 30. Rc7 e5 0-1

[Event "RA National Capital op"]
[Site "Ottawa CAN"]
[Date "2021.11.05"]
[Round "1"]
[White "Jaferian, Koosha"]
[Black "Sharma, Vishruth"]
[Result "1-0"]
[WhiteElo "2507"]
[BlackElo "2081"]
[PlyCount "71"]
[EventDate "2021.11.05"]
[EventType "swiss"]
[EventRounds "5"]
[EventCountry "CAN"]

1. d4 Nf6 2. Nf3 g6 3. b3 Bg7 4. Bb2 O-O 5. g3 d6 6. Bg2 a5 7. c4 a4 8. Nbd2 c5
9. O-O Qc7 10. e3 Bf5 11. Qe2 Ne4 12. Nh4 a3 13. Nxe4 axb2 14. Qxb2 Nc6 15.
Rad1 cxd4 16. exd4 Qb6 17. Nxf5 gxf5 18. Nc3 Bxd4 19. Qd2 Bxc3 20. Qxc3 Rxa2
21. Rd5 e5 22. Rxd6 Qc7 23. Rf6 Nd4 24. Qe3 Kh8 25. Bd5 f4 26. Qd3 Qe7 27. Rb6
fxg3 28. hxg3 Ne2+ 29. Kh2 Qg5 30. Qf3 f5 31. Re1 f4 32. Rxe2 fxg3+ 33. Qxg3
Qh5+ 34. Kg2 Rxe2 35. Rf6 Rd8 36. Bf3 1-0

[Event "RA National Capital op"]
[Site "Ottawa CAN"]
[Date "2021.11.05"]
[Round "1"]
[White "Li, William"]
[Black "Labib, Daniel"]
[Result "1-0"]
[WhiteElo "2299"]
[BlackElo "2008"]
[PlyCount "28"]
[EventDate "2021.11.05"]
[EventType "swiss"]
[EventRounds "5"]
[EventCountry "CAN"]

1. d4 Nf6 2. c4 e6 3. Nf3 d5 4. e3 c5 5. Nc3 Nc6 6. cxd5 exd5 7. Bb5 a6 8.
Bxc6+ bxc6 9. O-O Bd6 10. dxc5 Bxc5 11. b3 O-O 12. Bb2 Bd6 13. Rc1 Bg4 14. Na4
Rc8 {Phone} 1-0

[Event "RA National Capital op"]
[Site "Ottawa CAN"]
[Date "2021.11.05"]
[Round "1"]
[White "Oancea, Nicolae"]
[Black "Demchenko, Svitlana"]
[Result "0-1"]
[WhiteElo "1717"]
[BlackElo "2281"]
[PlyCount "100"]
[EventDate "2021.11.05"]
[EventType "swiss"]
[EventRounds "5"]
[EventCountry "CAN"]

1. e4 d5 2. exd5 Qxd5 3. Nc3 Qd6 4. d4 Nf6 5. Nf3 c6 6. g3 Bg4 7. Bg2 e6 8. O-O
Be7 9. Bf4 Qd8 10. Qd2 Nbd7 11. Rfe1 O-O 12. a3 Nb6 13. Ne5 Bf5 14. Rad1 Nfd5
15. Be3 f6 16. g4 fxe5 17. gxf5 Nc4 18. Qc1 Ncxe3 19. fxe3 Nxc3 20. bxc3 exf5
21. Qb2 Qc7 22. dxe5 Qxe5 23. Qxb7 Bd6 24. Qxc6 Qxh2+ 25. Kf1 Rad8 26. Re2 Kh8
27. Red2 f4 28. Bf3 Qh3+ 29. Kg1 fxe3 30. Rxd6 Qg3+ 31. Kh1 Rxd6 32. Rxd6 Qh4+
33. Kg1 Qf2+ 34. Kh1 Qf1+ 35. Kh2 e2 36. Re6 Qf2+ 37. Bg2 Qh4+ 38. Kg1 e1=Q+
39. Rxe1 Qxe1+ 40. Kh2 Qe5+ 41. Kg1 Qe3+ 42. Kh1 Qc1+ 43. Kh2 Qxc2 44. Qc5 Qf2
45. Qe7 Qf7 46. Qc5 Qf2 47. Qe7 Qf7 48. Qc5 Qf4+ 49. Kh1 Re8 50. Qg1 Qh4+ 0-1

[Event "RA National Capital op"]
[Site "Ottawa CAN"]
[Date "2021.11.05"]
[Round "1"]
[White "Ramesh, Sanjay"]
[Black "Tomb, Maroun"]
[Result "1-0"]
[WhiteElo "1926"]
[BlackElo "2301"]
[PlyCount "93"]
[EventDate "2021.11.05"]
[EventType "swiss"]
[EventRounds "5"]
[EventCountry "CAN"]

1. d4 Nf6 2. c4 d6 3. Nc3 Nbd7 4. Nf3 e5 5. e3 c6 6. Qc2 g6 7. Be2 Bg7 8. O-O
O-O 9. b3 Qa5 10. Rb1 Re8 11. b4 Qc7 12. b5 e4 13. Nd2 Nf8 14. a4 h5 15. Ba3
Bf5 16. a5 Ne6 17. a6 c5 18. axb7 Qxb7 19. dxc5 dxc5 20. Nb3 Bf8 21. Rbd1 Rac8
22. Rd2 Ng5 23. Nd5 Re6 24. Nxf6+ Rxf6 25. Bb2 Re6 26. Qc3 f6 27. Rd5 h4 28.
Rfd1 h3 29. g4 Qg7 30. gxf5 gxf5 31. Kh1 Bd6 32. Rg1 Qg6 33. Qd2 Be7 34. Rxf5
Qxf5 35. Bg4 Qxg4 36. Rxg4 Rd8 37. Qe2 Red6 38. Rg1 Rd3 39. Qh5 Rxb3 40. Rxg5+
Kf8 41. Qh8+ Kf7 42. Qh7+ Ke6 43. Qxe4+ Kf7 44. Rg7+ Kxg7 45. Qxe7+ Kg6 46.
Qxf6+ Kh5 47. Qxd8 1-0

[Event "RA National Capital op"]
[Site "Ottawa CAN"]
[Date "2021.11.05"]
[Round "1"]
[White "Van Rooy, Jake"]
[Black "Sambuev, Bator"]
[Result "0-1"]
[WhiteElo "2116"]
[BlackElo "2556"]
[PlyCount "80"]
[EventDate "2021.11.05"]
[EventType "swiss"]
[EventRounds "5"]
[EventCountry "CAN"]

1. g3 d5 2. Bg2 e5 3. c4 d4 4. d3 Nc6 5. Nf3 Bb4+ 6. Nbd2 a5 7. a3 Be7 8. b3
Nf6 9. O-O O-O 10. Bb2 Re8 11. Ne1 Bg4 12. Nc2 Qd7 13. Re1 Rab8 14. Ra2 b5 15.
Qa1 Bh3 16. Bh1 bxc4 17. dxc4 Bc5 18. b4 axb4 19. axb4 Nxb4 20. Nxb4 Bxb4 21.
Rd1 Qf5 22. Nf1 c5 23. Ba3 Bc3 24. Bb2 Rxb2 25. Rxb2 e4 26. Qb1 Bxb2 27. Qxb2
Ng4 28. e3 d3 29. Qd2 Ne5 30. f4 exf3 31. Qf2 Bxf1 32. Qxf1 g5 33. h3 h5 34. g4
hxg4 35. hxg4 Qxg4+ 36. Kf2 Qh4+ 37. Kg1 Qg3+ 38. Bg2 fxg2 39. Qxg2 Qxe3+ 40.
Kf1 Nxc4 0-1

[Event "RA National Capital op"]
[Site "Ottawa CAN"]
[Date "2021.11.05"]
[Round "2"]
[White "Demchenko, Svitlana"]
[Black "Jaferian, Koosha"]
[Result "1-0"]
[WhiteElo "2281"]
[BlackElo "2507"]
[PlyCount "75"]
[EventDate "2021.11.05"]
[EventType "swiss"]
[EventRounds "5"]
[EventCountry "CAN"]

1. d4 Nf6 2. c4 e6 3. Nc3 Bb4 4. f3 c5 5. d5 d6 6. e4 b5 7. a3 Bxc3+ 8. bxc3
bxc4 9. Bxc4 O-O 10. Ne2 Na6 11. O-O Nc7 12. Bb3 exd5 13. exd5 Bf5 14. c4 Rb8
15. Bc2 Bxc2 16. Qxc2 Qe7 17. Bb2 Qe3+ 18. Rf2 Nd7 19. Ng3 f5 20. Bc3 Qg5 21.
f4 Qg6 22. Re1 Rbe8 23. Rxe8 Rxe8 24. Nxf5 Nb6 25. Rf3 Nxc4 26. Rg3 Nxa3 27.
Rxg6 hxg6 28. Qc1 Nab5 29. Ne3 Re4 30. f5 gxf5 31. Nxf5 Rg4 32. h3 Nxc3 33.
Qxc3 Rg5 34. g4 Kh7 35. Qe3 Rg6 36. Qe4 Kh8 37. Ne7 Rf6 38. g5 1-0

[Event "RA National Capital op"]
[Site "Ottawa CAN"]
[Date "2021.11.05"]
[Round "2"]
[White "Joseph Benher, Savio"]
[Black "Abrahams, Daniel"]
[Result "0-1"]
[WhiteElo "2019"]
[BlackElo "2202"]
[PlyCount "168"]
[EventDate "2021.11.05"]
[EventType "swiss"]
[EventRounds "5"]
[EventCountry "CAN"]

1. e4 c5 2. Nf3 e6 3. d4 cxd4 4. Nxd4 a6 5. c4 Nf6 6. Nc3 Qc7 7. a3 b6 8. Be2
Bb7 9. f3 d6 10. O-O Nbd7 11. Be3 Be7 12. Qd2 O-O 13. Rfc1 Rac8 14. a4 Qb8 15.
a5 bxa5 16. Rxa5 Rfe8 17. Raa1 Bd8 18. b4 Bc7 19. b5 axb5 20. Ndxb5 d5 21. Nxc7
Rxc7 22. cxd5 exd5 23. Bf4 dxe4 24. Bxc7 Qxc7 25. Nxe4 Qe5 26. Nd6 Qxe2 27.
Qxe2 Rxe2 28. Nxb7 g5 29. Nc5 Nb6 30. Re1 Rc2 31. Rac1 Ra2 32. Ne4 Nfd5 33. Nc3
Ra5 34. Nxd5 Nxd5 35. Rcd1 Nf4 36. g3 Ne6 37. Kf2 Kg7 38. Rd2 Kg6 39. Kg2 h6
40. Re4 Ra3 41. h4 Rb3 42. Rc4 Ra3 43. f4 gxf4 44. gxf4 Kf5 45. Rf2 Ra5 46. Kg3
Nc5 47. Re2 Ra3+ 48. Kg2 Ne6 49. Ree4 Rd3 50. Kf2 Rh3 51. Kg2 Rxh4 52. Kg3 Rg4+
53. Kf3 Rh4 54. Re5+ Kf6 55. Ra5 Rh1 56. Kg2 Rd1 57. Rb4 Rd3 58. Re4 Rb3 59.
Kf2 Rh3 60. Rb4 Rc3 61. Kg2 Rd3 62. Rh5 Kg6 63. Rh3 Rd1 64. Kf3 Rf1+ 65. Ke4
Rxf4+ 66. Ke5 Rxb4 67. Rg3+ Ng5 68. Kd5 Rf4 69. Ke5 Rf5+ 70. Kd4 h5 71. Ra3 h4
72. Ra6+ f6 73. Ra8 h3 74. Ke3 h2 75. Ra1 Rf3+ 76. Ke2 f5 77. Rh1 Ra3 78. Kf2
f4 79. Kg2 Ra2+ 80. Kf1 f3 81. Rxh2 Rxh2 82. Kg1 Re2 83. Kf1 Kf5 84. Kg1 Kf4
0-1

[Event "RA National Capital op"]
[Site "Ottawa CAN"]
[Date "2021.11.05"]
[Round "2"]
[White "Rodrigue-Lemieux, Shawn"]
[Black "Xu, Eddie"]
[Result "1-0"]
[WhiteElo "2395"]
[BlackElo "2201"]
[PlyCount "103"]
[EventDate "2021.11.05"]
[EventType "swiss"]
[EventRounds "5"]
[EventCountry "CAN"]

1. c4 e6 2. g3 Nf6 3. Bg2 d5 4. Nf3 Be7 5. O-O O-O 6. b3 b6 7. Bb2 Bb7 8. e3 c5
9. Nc3 dxc4 10. bxc4 Nc6 11. Qe2 Nb4 12. d4 cxd4 13. exd4 Rc8 14. Rac1 Ba6 15.
Ne5 Nd7 16. Rfd1 Nxe5 17. dxe5 Qe8 18. Nb5 Nxa2 19. Ra1 Bxb5 20. cxb5 Nb4 21.
Rxa7 Rc2 22. Rd2 Rxd2 23. Qxd2 Bc5 24. Qd7 Qxd7 25. Rxd7 h6 26. Be4 Rc8 27. Kg2
Kf8 28. Bc3 Ke8 29. Rb7 Nd5 30. Bxd5 exd5 31. e6 fxe6 32. Bxg7 Ra8 33. Bxh6 Ra2
34. h4 Rxf2+ 35. Kh3 e5 36. g4 e4 37. g5 Bd4 38. g6 e3 39. g7 Bxg7 40. Rxg7 e2
41. Bd2 Rf1 42. Rg5 e1=Q 43. Bxe1 Rxe1 44. Rxd5 Ke7 45. Kg4 Ke6 46. Rg5 Kd6 47.
h5 Rh1 48. Kf5 Kc5 49. Kg6+ Kb4 50. h6 Rh2 51. h7 Rh1 52. Kg7 1-0

[Event "RA National Capital op"]
[Site "Ottawa CAN"]
[Date "2021.11.05"]
[Round "2"]
[White "Sambuev, Bator"]
[Black "Han, Johnathan"]
[Result "1-0"]
[WhiteElo "2556"]
[BlackElo "2253"]
[PlyCount "89"]
[EventDate "2021.11.05"]
[EventType "swiss"]
[EventRounds "5"]
[EventCountry "CAN"]

1. Nf3 Nf6 2. c4 g6 3. Nc3 Bg7 4. e4 d6 5. d4 O-O 6. Be2 e5 7. O-O Nc6 8. d5
Ne7 9. Ne1 Nd7 10. Nd3 f5 11. f3 f4 12. Bd2 g5 13. Kh1 Ng6 14. Rg1 Nf6 15. c5
h5 16. g3 Ne8 17. a4 fxg3 18. Rxg3 Nf4 19. Qg1 h4 20. Rxg5 Nh3 21. Qg2 Nxg5 22.
Bxg5 Qd7 23. Rg1 Qh3 24. Qf2 Kh8 25. f4 Nf6 26. Bf1 Ng4 27. Bxh3 Nxf2+ 28. Nxf2
exf4 29. Nb5 dxc5 30. Nxc7 Rb8 31. Ne6 Bxe6 32. Bxe6 Bd4 33. Bxh4 b5 34. axb5
Rxb5 35. d6 Rxb2 36. Rf1 c4 37. Bxc4 Rc2 38. Bd5 Be5 39. Be7 Rb8 40. Nd3 Bd4
41. d7 Bb6 42. e5 Rd2 43. Bf6+ Kh7 44. Be4+ Kh6 45. Rxf4 1-0

[Event "RA National Capital op"]
[Site "Ottawa CAN"]
[Date "2021.11.05"]
[Round "2"]
[White "Tanaka, Tyler"]
[Black "Dukic, Zachary"]
[Result "0-1"]
[WhiteElo "2240"]
[BlackElo "2351"]
[PlyCount "106"]
[EventDate "2021.11.05"]
[EventType "swiss"]
[EventRounds "5"]
[EventCountry "CAN"]

1. Nf3 d5 2. b3 Bg4 3. g3 Nd7 4. Bb2 c6 5. Bg2 Ngf6 6. O-O e6 7. c4 Bd6 8. d4
O-O 9. Nbd2 a5 10. a3 h6 11. Ne5 Bf5 12. Qe1 Bxe5 13. dxe5 Ng4 14. e4 dxe4 15.
Nxe4 Ngxe5 16. Rd1 Qb6 17. Qc3 f6 18. c5 Qc7 19. f4 Ng6 20. Nd6 Bg4 21. Rd2 Ne7
22. h3 Bh5 23. Qe3 Bf7 24. Nxf7 Rxf7 25. Qxe6 Nxc5 26. Qc4 Nd7 27. Re1 Nb6 28.
Qe6 Nbd5 29. Bf3 Qb6+ 30. Kh2 Qxb3 31. Bd1 Qb6 32. f5 Nc7 33. Qc4 Ncd5 34. Bh5
Raf8 35. Bd4 Qc7 36. Bxf7+ Rxf7 37. Bc5 Nxf5 38. Re8+ Kh7 39. Bf2 Nd6 40. Qd3+
f5 41. Ra8 Ne4 42. Re2 Ndf6 43. Kg2 Rd7 44. Qf3 Qe5 45. Be1 b6 46. a4 Qd5 47.
Rc8 Rd6 48. Rb2 Qe6 49. Rc7 Ng5 50. Qf2 Qd5+ 51. Kf1 Re6 52. Qg2 Qd3+ 53. Kf2
Qe3+ 0-1

[Event "RA National Capital op"]
[Site "Ottawa CAN"]
[Date "2021.11.05"]
[Round "2"]
[White "Villeneuve, Robert"]
[Black "Pace, Christopher"]
[Result "1-0"]
[WhiteElo "2044"]
[BlackElo "2271"]
[PlyCount "44"]
[EventDate "2021.11.05"]
[EventType "swiss"]
[EventRounds "5"]
[EventCountry "CAN"]

1. e4 e5 2. f4 exf4 3. Nf3 g5 4. h4 g4 5. Ne5 h5 6. Bc4 Nh6 7. d4 Bg7 8. Bxf4
d6 9. Bg5 Bf6 10. O-O Bxg5 11. hxg5 dxe5 12. gxh6 O-O 13. dxe5 Qe7 14. Qd4 Nc6
15. Qc3 Nxe5 16. Nd2 Kh7 17. Qe3 Rd8 18. Rad1 Rxd2 19. Qxd2 Nxc4 20. Qd8 Qxd8
21. Rxd8 Ne5 22. Re8 Nc4 1-0

[Event "RA National Capital op"]
[Site "Ottawa CAN"]
[Date "2021.11.06"]
[Round "3"]
[White "Abrahams, Daniel"]
[Black "Villeneuve, Robert"]
[Result "1-0"]
[WhiteElo "2202"]
[BlackElo "2044"]
[PlyCount "75"]
[EventDate "2021.11.05"]
[EventType "swiss"]
[EventRounds "5"]
[EventCountry "CAN"]

1. Nf3 d5 2. g3 Nf6 3. Bg2 c6 4. O-O Bf5 5. c4 e6 6. cxd5 cxd5 7. d3 Nc6 8. Nh4
Bg6 9. Nc3 Be7 10. e4 dxe4 11. dxe4 Nd7 12. Nxg6 hxg6 13. Be3 O-O 14. Qe2 Bc5
15. Rfd1 Bxe3 16. Qxe3 Qe7 17. Rac1 Rfd8 18. a3 Nb6 19. Bf1 Rxd1 20. Rxd1 Rd8
21. Rxd8+ Qxd8 22. b4 Qd4 23. Qxd4 Nxd4 24. Nb5 Nxb5 25. Bxb5 Kf8 26. f4 Ke7
27. Kf2 Nd7 28. Ke3 e5 29. Bxd7 exf4+ 30. gxf4 Kxd7 31. Kd4 Kd6 32. a4 Ke6 33.
a5 Kd6 34. b5 b6 35. axb6 axb6 36. e5+ Ke6 37. Ke4 f6 38. h4 1-0